Special issue on new thrust in democratic decentralisation (Record no. 7064)

000 -LEADER
fixed length control field 00367pab a2200121 454500
008 - FIXED-LENGTH DATA ELEMENTS--GENERAL INFORMATION
fixed length control field 180718b87-8 xxu||||| |||| 00| 0 eng d
245 ## - TITLE STATEMENT
Title Special issue on new thrust in democratic decentralisation
260 ## - PUBLICATION, DISTRIBUTION, ETC.
Date of publication, distribution, etc. 87-8
300 ## - PHYSICAL DESCRIPTION
Extent 1-101
650 ## - SUBJECT ADDED ENTRY--TOPICAL TERM
Topical term or geographic name entry element Decentralisation - India - Maharashtra
773 ## - HOST ITEM ENTRY
Main entry heading Public Administratior (Maharashtra Regional Branch)
909 ## -
-- 7064
Holdings
Withdrawn status Lost status Damaged status Not for loan Permanent Location Current Location Date acquired Barcode Date last seen Price effective from Koha item type
        Indian Institute of Public Administration Indian Institute of Public Administration 2018-07-19 AR7074 2018-07-19 2018-07-19 Articles

Powered by Koha